Dočasné vyslání zaměstnanců do Evropské unie z pohledu práva sociálneho zabezpečení

Príspevok sa zaoberá jedným zo základných princípov koordinácie sociálneho zabezpečenia - princípom jediného poistenia a najvýznamnejšou odchýlkou od lex loci laboris - vyslaním pracovníkov. Vyslanie osôb samostatne zárobkovo činných. Potvrdenie o určení právnych predpisov a ich záväznosť.

Guardado en:
Detalles Bibliográficos
Autor principal: Halířová, Gabriela
Formato: Capítulo de libro
Lenguaje:checo
Materias:
Etiquetas: Agregar Etiqueta
Sin Etiquetas, Sea el primero en etiquetar este registro!

MARC

LEADER 00000nla a2200000 4500
001 0241681
005 20240417075134.1
041 0 |a cze 
044 |a SK 
245 1 0 |a Dočasné vyslání zaměstnanců do Evropské unie z pohledu práva sociálneho zabezpečení  |c Gabriela Halířová 
520 |a Príspevok sa zaoberá jedným zo základných princípov koordinácie sociálneho zabezpečenia - princípom jediného poistenia a najvýznamnejšou odchýlkou od lex loci laboris - vyslaním pracovníkov. Vyslanie osôb samostatne zárobkovo činných. Potvrdenie o určení právnych predpisov a ich záväznosť. 
610 2 0 |a politika sociálna 
610 2 0 |a zabezpečenie sociálne 
610 2 0 |a Európska únia 
610 2 0 |a poistenie sociálne 
610 2 0 |a zamestnávatelia 
610 2 0 |a zamestnanci 
610 2 0 |a živnostníci 
610 2 0 |a príspevky sociálne 
610 2 0 |a pomoc sociálna 
100 1 |a Halířová, Gabriela